[Event "Mittelrhein Verbandsliga-W 18/19"]
[Site "Nordrheinwestfalen"]
[Date "2019.05.19"]
[Round "11.8"]
[White "Reenaers, Johan"]
[Black "Portl, Ralf"]
[Result "0-1"]
[WhiteElo "1713"]
[BlackElo "1934"]
[PlyCount "104"]
[EventDate "2018.09.02"]
[EventType "team-tourn"]
[EventRounds "11"]
[EventCountry "GER"]
[SourceTitle "EXT 2022"]
[Source "ChessBase"]
[SourceDate "2021.10.06"]
[SourceVersion "1"]
[SourceVersionDate "2021.10.06"]
[SourceQuality "1"]
[WhiteTeam "Uebach Palenberg"]
[BlackTeam "Bergheim"]
[WhiteTeamCountry "GER"]
[BlackTeamCountry "GER"]

1. d4 Nf6 2. Nf3 g6 3. e3 Bg7 4. Nbd2 d5 5. b3 0-0 6. Bb2 c5 7. Be2 Ne4 8. Rb1 Qa5 9. a4 Nc3 10. Bxc3 Qxc3 11. 0-0 Bf5 12. Rc1 cxd4 13. exd4 Nc6 14. Nb1 Qb2 15. c3 Bh6 16. Nfd2 Bxb1 17. Nxb1 Bxc1 18. Qxc1 Qxe2 19. Re1 Qg4 20. h3 Qf5 21. b4 e6 22. Re3 Qg5 23. Qe1 Rfe8 24. Nd2 Rac8 25. Nf3 Qf6 26. Nh2 Rc7 27. Ng4 Qg7 28. Rf3 f5 29. Ne3 Rec8 30. Nd1 e5 31. b5 e4 32. Re3 f4 33. Re2 Nxd4 34. cxd4 Qxd4 35. Rd2 Qc5 36. Kh2 Re7 37. Re2 Qd6 38. f3 e3 39. Nb2 Qa3 40. Qh4 Rf7 41. Qg4 Re8 42. h4 d4 43. Rc2 Rf5 44. Nc4 Qe7 45. Rc1 d3 46. Re1 Qc5 47. Nd2 Qb4 48. Ne4 Qxe1 49. Nd6 Qg3+ 50. Qxg3 fxg3+ 51. Kxg3 e2 52. Nxe8 e1Q+ 0-1